Dark Souls 3 Boss by Soul Transmutation - Statistics

General Stats
  • This quiz has been taken 22 times
  • The average score is 15 of 17
Answer Stats
Item Boss Name % Correct
Storm Curved Sword Nameless King
100%
Lothric's Holy Sword Lothirc, Younger Prince/ Lorian, Elder Prince
95%
Profaned Greatsword Pontiff Sulyvahn
95%
Yhorm's Greatshield Yhorm the Giant
95%
Crystal Hail (Sorcery) Crystal Sage
90%
Dragonslayer Shield Dragonslayer Armour
90%
Sunlight Spear (Miracle) Soul of Cinder
90%
Wolf Knight's Greatsword Abyss Watchers
85%
Prisoner's Chain (Ring) Champion Gundyr
85%
Chaos Bed Vestige (Pyromancy) Old Demon King
85%
Pontiff's Left Eye (Ring) Vordt of the Boreal Valley
85%
Lifehunt Scythe (Miracle) Aldrich, Devourer of Gods
80%
Arstor's Spear Curse-Rotted Greatwood
80%
Soothing Sunlight (Miracle) Dancer of the Boreal Valley
80%
Deep Soul (Sorcery) Deacons of the Deep
80%
White Dragon Breath (Sorcery) Oceiros the Consumed King
70%
Black Serpent (Pyromancy) High Lord Wolnir
65%
No matching quizzes found
Score Distribution
Percent of People with Each Score
Percentile by Number Answered
Your Score History
You have not taken this quiz